000 00364nam a2200157Ia 4500
008 210210b1905 xxu||||| |||| 00| 0 eng d
041 _aeng
082 _a320/471
100 _aRALEIGH (T)
245 _aElementary politics
260 _a
_bNot Mentioned
_c1905
650 _apolitics
650 _aElementary
690 _aPolitical Science
906 _a003115
999 _c118453
_d118453